00685nam a2200169 a 4500003000200000005001700002008004100019050003200060100004000092245009600132260009300228300004100321504004100362650003900403650002500442650004800467020250224084158.0111114s19uu xx 00 eng d aPGS LB 2710.92b.G216 2011  aGarcia, Ma. Josefina Belen Cartago. aReading preferences and cognitive development of SISC /cMa. Josefina Belen Cartago Garcia. aLas Piñas City, Philippines : bSouthville International School and Colleges, c2011. a25 pages :billustrations ; c28 cm. aIncludes bibliographical references. aReading in the elementary schools. aAttitude to reading. aCognitive developmentvSchool-age children.